| 000 | 00768nam a2200265 a 4500 | ||
|---|---|---|---|
| 001 | 6441 | ||
| 003 | BD-RjUL | ||
| 005 | 20211208234238.0 | ||
| 008 | 14 r19581952maua 001 0 eng | ||
| 035 | _a(BD-RjUL)6481 | ||
| 040 |
_aDLC _cDLC _dMYG _dBD-RjUL _beng |
||
| 041 | _aeng | ||
| 082 | 0 | 4 |
_223 _a512.9434 _bPET 1958 |
| 090 |
_aQA263 _b.P451 |
||
| 099 | _aQA263.P451 | ||
| 100 | 1 | 0 |
_aPerlis, Sam, _d1913- _920276 |
| 245 | 1 | 0 |
_aTheory of matrices / _cby Sam Perlis. |
| 260 |
_aCambridge : _bAddison-Wesley Press, _c1952 [pringing 1958]. |
||
| 300 |
_a237 p. : _bill. ; _c22 cm. |
||
| 490 | 1 | _aAddison-Wesley mathematics series | |
| 504 | _aIncludes index. | ||
| 650 | 0 |
_aMatrices. _919941 |
|
| 830 | 0 |
_aAddison-Wesley mathematics series. _9151360 |
|
| 942 |
_2ddc _cBK |
||
| 999 |
_c6441 _d6441 |
||